Accounting principles /

Saved in:
Bibliographic Details
Main Author: Weygandt, Jerry J.
Other Authors: Kieso, Donald E., Kell, W. G. (Walter Gerry), 1921-
Format: Book
Language:English
Published: New York : Wiley, c1990.
Edition:2nd ed.
Subjects:
LEADER 01426cam a2200397 a 4500
001 c000392390
003 CARM
005 20121126105946.0
008 121126s1990 nyua 001 0 eng d
010 |a 89028690 
015 |a GB9141704  |2 bnb 
019 1 |a 6817878  |5 LACONCORD2021 
020 |a 0471514047 
020 |a 0471507393 (v. 1 : text) 
020 |a 0471507121 (v. 2 Pt.1 : working papers, chapters 1-14) 
020 |a 047150713X (v. 2 Pt.2 : working papers, chapters 14-29)  |z 0471507393 
035 |a (OCoLC)20565183  |5 LACONCORD2021 
040 |a LC  |b eng  |c LC  |d LC 
050 4 |a HF5635  |b .W524 1990 
050 0 0 |a HF5635  |b .W524 1990 
082 0 0 |a 657  |2 20 
100 1 |a Weygandt, Jerry J. 
245 1 0 |a Accounting principles /  |c Jerry J. Weygandt, Donald E. Kieso, Walter G. Kell. 
250 |a 2nd ed. 
260 |a New York :  |b Wiley,  |c c1990. 
300 |a xxxi, 1230, 29, 17 p. :  |b ill. ;  |c 26 cm. 
500 |a Annotated instructor's ed. 
650 0 |a Accounting. 
653 1 |a Accountancy 
700 1 |a Kieso, Donald E. 
700 1 |a Kell, W. G.  |q (Walter Gerry),  |d 1921- 
852 8 |b CARM  |p 0589403  |j v. 1  |f BK 
852 8 |b SCAN  |h A3:AG18E0  |i E02447  |p 0589403  |f BK 
999 f f |i 08a68c86-6370-58af-8c79-76ab4693f505  |s 93fe5f24-7ce3-5e48-84f3-7f87a8110cba 
952 f f |p Can circulate  |a CAVAL  |b CAVAL  |c CAVAL  |d CARM 1 Store  |i book  |m 0589403 
952 f f |a CAVAL  |b CAVAL  |c CAVAL  |d Unmapped Location  |e E02447  |f A3:AG18E0  |h Other scheme